Statistics for Pokémon names that begin with the letter A

Click here to take the quiz!

General Stats

  • This quiz has been taken 43 times
  • The average score is 19 of 33

Answer Stats

HintHintAnswer% Correct
065PsychicAlakazam
87%
063PsychicAbra
87%
059FireArcanine
84%
144Ice/FlyingArticuno
81%
142Rock/FlyingAerodactyl
81%
460Grass/IceAbomasnow
74%
024PoisonArbok
71%
359DarkAbsol
61%
184Water/FairyAzumarill
61%
306Rock/SteelAggron
61%
348Rock/BugArmaldo
58%
181ElectricAmpharos
58%
681Steel/GhostAegislash
58%
566Rock/FlyingArchen
58%
567Rock/FlyingArcheops
55%
334Dragon/FlyingAltaria
55%
347Rock/BugAnorith
55%
304Rock/SteelAron
55%
168Bug/PoisonAriados
55%
424NormalAmbipom
52%
699Rock/IceAurorus
52%
610DragonAxew
48%
190NormalAipom
48%
298Normal/FairyAzurill
48%
683FairyAromatisse
45%
713IceAvalugg
45%
493NormalArceus
42%
617BugAccelgor
42%
698Rock/IceAmaura
42%
482PsychicAzelf
42%
594WaterAlomomola
39%
591Grass/PoisonAmoonguss
35%
531NormalAudino
29%

Score Distribution

Percentile by Number Answered

Percent of People with Each Score

Your Score History

You have not taken this quiz